000 00487nab a2200145Ia 4500
003 ES-SlBCS
005 20210601134356.0
008 140529s1986 xxu||||| |||| 00| 0 spa d
041 _aspa
100 1 _aRodríguez, Jesús
_981297
245 0 0 _aEl impacto psicológico de la hospitalización
_c Jesús Rodríguez
650 0 4 _aHospitalización-Impacto Psicológico
_9217448
773 0 _tAnalisis y Modificacion de Conducta
_gvol. 12, nº. 33, 1986, págs. 421-440
_wRev1028
942 _cAR
999 _c611766
_d611766